How to Reform International Monetary Fund?

MMF - krátka história, ako funguje, nedostatky, kritika, nevyhnutnosť reformy.

Salvato in:
Dettagli Bibliografici
Autore principale: Ďurech, Richard
Natura: Capitolo di libro
Lingua:inglese
Soggetti:
Tags: Aggiungi Tag
Nessun Tag, puoi essere il primo ad aggiungerne!!

MARC

LEADER 00000naa a2200000 4500
001 0183581
005 20240502083431.0
041 0 |a eng 
044 |a AM 
245 1 0 |a How to Reform International Monetary Fund?  |c Richard Ďurech 
520 |a MMF - krátka história, ako funguje, nedostatky, kritika, nevyhnutnosť reformy. 
610 2 0 |a Medzinárodný menový fond 
610 2 0 |a reformy 
100 1 |a Ďurech, Richard